000 00454nam a2200181Ia 4500
003 GCL
008 140319s9999 xx 000 0 eng d
040 _aGCL /
_cGCL
082 0 4 _a843
_bC B
100 1 _aCHATEAUBRIANT, ALPHONSE
245 1 0 _aLA BRIERE /
_cCHATEAUBRIANT, ALPHONSE
260 _a[S.N] :
_bBERNARD GRASSET ،
_c1923
300 _a381 P
650 0 4 _aLITERATURE
650 0 4 _aFICTION
650 0 4 _aFRENCH LITERATURE
942 _2ddc
_cBK
999 _c24915
_d24915